Udržateľnosť inflácie

Bibliographic Details
Main Authors: Doliak, Michal (Author), Karmažín, Branislav (Author)
Format: Article
Language:Slovak
PhysicalDescription:Grafy, tab.
ISSN:1335-0900
Subjects:

MARC

LEADER 00000nab a2200000 a 4500
001 vtls009302875
003 SK-MaSNL
005 20260426084658.0
008 250506c2008 xo mr|p|||||||000 b|slo
015 |a SNBRB2008/06  |2 snkbucl 
035 |a (uuid)0c3f7828-995d-4dd2-ad3d-4f698b8bd154 
035 |a urn:nbn:sk:snk-ab2520 
035 |a (urnnbn)urn:nbn:sk:snk:ar-a01o4x 
038 |a SNKBUCL 
040 |a SNKBUCL  |b slo  |c SNKBUCL  |e AACR2 
041 0 |a slo 
044 |a xo  |c SK 
080 |a 336.748.12  |x (437.6)  |2 2001 
100 1 |a Doliak, Michal  |4 aut  |9 955683 
245 1 0 |a Udržateľnosť inflácie  |c Michal Doliak, Branislav Karmažín 
300 |b Grafy, tab. 
500 |a Pozn. za čiarou 
650 0 7 |a inflácia  |2 snkbucl  |9 2290 
651 7 |a Slovensko  |2 snkbucl  |9 14231 
700 1 |a Karmažín, Branislav  |4 aut  |9 1127152 
773 0 |t Biatec  |g Roč. 16, č. 5 (2008), s. 2-5  |x 1335-0900 
850 |a Slovenská národná knižnica 
852 |a Slovenská národná knižnica 
954 |a odborná, vedecká literatúra pôvodná (slovenská)  |2 lita 
958 |a article2022 
958 |a SK 
958 |a OND 
958 |a EUIPO 
999 |c 2941313  |d 2943243